101 աղոթք հիշատակի : (Record no. 366890)
[ view plain ]
| 000 -LEADER | |
|---|---|
| fixed length control field | 01096nam a2200217 a 4500 |
| 001 - CONTROL NUMBER | |
| control field | 001144391 |
| 003 - CONTROL NUMBER IDENTIFIER | |
| control field | AM-YeHGA |
| 005 - DATE AND TIME OF LATEST TRANSACTION | |
| control field | 20250618074527.0 |
| 008 - FIXED-LENGTH DATA ELEMENTS--GENERAL INFORMATION | |
| fixed length control field | 160427s2016 ai r 000 0 arm d |
| 020 ## - INTERNATIONAL STANDARD BOOK NUMBER | |
| International Standard Book Number | 9789939863290 |
| 040 ## - CATALOGING SOURCE | |
| Original cataloging agency | AM-YeHGA |
| 041 0# - LANGUAGE CODE | |
| Language code of text/sound track or separate title | arm |
| 090 ## - LOCALLY ASSIGNED LC-TYPE CALL NUMBER (OCLC); LOCAL CALL NUMBER (RLIN) | |
| -- | 368757 |
| 245 00 - TITLE STATEMENT | |
| Title | 101 աղոթք հիշատակի : |
| Remainder of title | Բանաստեղծություններ (նվիրված Հայոց ցեղասպանության զոհերի հիշատակին) / |
| Statement of responsibility, etc. | Կազմ. և խմբ.՝ Ա. Ավանեսյան. |
| 260 ## - PUBLICATION, DISTRIBUTION, ETC. | |
| Place of publication, distribution, etc. | Երևան : |
| Name of publisher, distributor, etc. | Արմավ, |
| Date of publication, distribution, etc. | 2016. |
| 300 ## - PHYSICAL DESCRIPTION | |
| Extent | 144 էջ : |
| Other physical details | նկ. ; |
| Dimensions | 24 սմ. |
| 500 ## - GENERAL NOTE | |
| General note | Տպ. է Յովսէփ և Գարոլին Նալպանտեանների մեկենասությամբ |
| 520 ## - SUMMARY, ETC. | |
| Summary, etc. | Գրքում հավաքված են 101 հայ գրողների մեկական բանաստեղծություն՝ նվիրված հայոց ցեղացպանության անմեղ զոհերի հիշատակին, եղեռնի 101-րդ տարվա առիթով: |
| 650 14 - SUBJECT ADDED ENTRY--TOPICAL TERM | |
| Topical term or geographic name entry element | Հայ պոեզիա |
| 700 1# - ADDED ENTRY--PERSONAL NAME | |
| Personal name | Ավանեսյան, Արմեն |
| Relator term | խմբ. |
| Relationship | edt |
| 9 (RLIN) | 8844 |
| Withdrawn status | Lost status | Damaged status | Not for loan | Collection | Home library | Current library | Date acquired | Cost, normal purchase price | Shelving control number | Total checkouts | Full call number | Barcode | Date last seen | Price effective from | Koha item type | Public note |
|---|---|---|---|---|---|---|---|---|---|---|---|---|---|---|---|---|
| General | Fundamental Scientific Library | Fundamental Scientific Library | 11/01/2017 | 1000.00 | AII/101892 | FL0434583 | 11/01/2017 | 11/01/2017 | Գրքեր / Books | 30 Days Loan |
ՀՀ Գիտությունների ազգային ակադեմիայի հիմնարար գիտական գրադարան = Fundamental Scientific Library of NAS RA
All site content, except where otherwise noted, is licensed under a